000 00307nam a22001337a 4500
008 170614b xxu||||| |||| 00| 0 eng d
020 _a0815730535
041 _aeng
080 _a94
100 _a17
101 _aSHH
245 _aREFLECTIONS ON THE CUBAN MISSILE CRISIS
_cGARTHOFF,R.L
942 _2udc
_cBK
999 _c17378
_d17378